=LDR 00000nam 2200000 4500 =001 INLIS000000000047653 =005 20160203102929.0 =006 =007 =008 =035 ##$$0010-021600000000041 =040 ##$$a NBPDMAT =082 ##$$a 371.72 =090 ##$$a R.371.72 $bKet n =245 ##$$a Keterangan pemerintah mengenai rancangan Undang-undang tentang pertanggungjawaban atas pelaksanaan Anggaran Pendapatan dan Belanja Negara tahun anggaran 2006 =260 ##$$a Jakarta $b Sekretariat Negara Republik Indonesia $c 2006 =300 ##$$a 12 hlm. ; 30 cm =500 ##$$a Sekretariat Negara Republik Indonesia =650 ##$$a Anggaran Pendapatan dan Belanja Negara =850 ##$$a NBPDMAT =990 ##$$a 31500528 =990 ##$$a 31500528/BPAP-NTB/2016